[Event "Team men PL final"]
[Site "Sochi"]
[Date "2018.05.09"]
[Round "8.13"]
[White "Romanov, Evgeny"]
[Black "Potkin, Vladimir"]
[Result "1/2-1/2"]
[BlackElo "2574"]
[WhiteElo "2619"]
[LiveChessVersion "1.4.8"]

1. Nf3 {[%clk 1:30:34]} d5 {[%clk 1:30:46]} 2. b3 {[%clk 1:30:52]} Bf5
{[%clk 1:30:31]} 3. Bb2 {[%clk 1:31:01]} e6 {[%clk 1:30:50]} 4. d3
{[%clk 1:29:21]} h6 {[%clk 1:22:57]} 5. Nbd2 {[%clk 1:24:43]} Nf6
{[%clk 1:23:04]} 6. g3 {[%clk 1:22:04]} Be7 {[%clk 1:17:52]} 7. Bg2
{[%clk 1:21:14]} O-O {[%clk 1:16:57]} 8. Ne5 {[%clk 1:20:47]} Nbd7
{[%clk 1:15:24]} 9. e4 {[%clk 1:09:39]} dxe4 {[%clk 1:14:44]} 10. dxe4
{[%clk 1:09:06]} Bh7 {[%clk 1:14:52]} 11. Nxd7 {[%clk 1:08:41]} Nxd7
{[%clk 1:00:07]} 12. Qe2 {[%clk 1:05:50]} Bc5 {[%clk 0:52:53]} 13. O-O
{[%clk 1:01:50]} Qe7 {[%clk 0:52:32]} 14. e5 {[%clk 0:58:56]} c6 {[%clk 0:51:42]}
15. Be4 {[%clk 0:52:32]} Rfd8 {[%clk 0:49:37]} 16. Bxh7+ {[%clk 0:52:02]} Kxh7
{[%clk 0:50:06]} 17. Ne4 {[%clk 0:51:31]} Nf8 {[%clk 0:18:57]} 18. Rad1
{[%clk 0:51:35]} Kg8 {[%clk 0:13:17]} 19. h4 {[%clk 0:41:22]} Ba3
{[%clk 0:13:03]} 20. Bd4 {[%clk 0:40:37]} Qc7 {[%clk 0:07:27]} 21. Nd6
{[%clk 0:30:55]} Rd7 {[%clk 0:05:34]} 22. Rd3 {[%clk 0:30:53]} Rad8
{[%clk 0:03:57]} 23. Qg4 {[%clk 0:24:04]} f6 {[%clk 0:02:56]} 24. exf6
{[%clk 0:17:08]} Rxd6 {[%clk 0:01:48]} 25. fxg7 {[%clk 0:15:59]} Nd7
{[%clk 0:01:27]} 26. Re1 {[%clk 0:08:10]} e5 {[%clk 0:00:58]} 27. Bc3
{[%clk 0:07:24]} Nf6 {[%clk 0:01:08]} 28. Qf5 {[%clk 0:04:29]} Rxd3
{[%clk 0:01:32]} 29. cxd3 {[%clk 0:04:15]} Nd5 {[%clk 0:01:53]} 30. Qe6+
{[%clk 0:02:40]} Qf7 {[%clk 0:01:55]} 31. Qxh6 {[%clk 0:03:05]} Qxg7
{[%clk 0:02:18]} 32. Qe6+ {[%clk 0:03:16]} Qf7 {[%clk 0:02:29]} 33. Qg4+
{[%clk 0:02:11]} Qg7 {[%clk 0:02:58]} 34. Qe6+ {[%clk 0:01:57]} Qf7
{[%clk 0:03:27]} 35. Qg4+ {[%clk 0:01:40]} Qg7 {[%clk 0:03:51]} 36. Qe6+
{[%clk 0:01:54]} 1/2-1/2

[Event "Team men PL final"]
[Site "Sochi"]
[Date "2018.05.09"]
[Round "8.14"]
[White "Paravyan, David"]
[Black "Alekseev, Evgeny"]
[Result "1/2-1/2"]
[BlackElo "2622"]
[WhiteElo "2620"]
[LiveChessVersion "1.4.8"]

1. e4 {[%clk 1:30:58]} e5 {[%clk 1:30:57]} 2. Nf3 {[%clk 1:31:23]} Nc6
{[%clk 1:31:25]} 3. Bb5 {[%clk 1:31:50]} a6 {[%clk 1:31:28]} 4. Ba4
{[%clk 1:32:14]} Nf6 {[%clk 1:31:55]} 5. O-O {[%clk 1:32:39]} Be7
{[%clk 1:32:20]} 6. d3 {[%clk 1:33:05]} d6 {[%clk 1:32:36]} 7. c3
{[%clk 1:33:31]} O-O {[%clk 1:32:56]} 8. Nbd2 {[%clk 1:33:58]} Re8
{[%clk 1:32:58]} 9. d4 {[%clk 1:31:43]} b5 {[%clk 1:28:16]} 10. Bc2
{[%clk 1:31:49]} Bf8 {[%clk 1:24:11]} 11. a4 {[%clk 1:26:24]} Bb7
{[%clk 1:14:34]} 12. d5 {[%clk 1:17:43]} Ne7 {[%clk 1:10:58]} 13. b3
{[%clk 0:59:42]} c6 {[%clk 1:09:23]} 14. c4 {[%clk 1:00:10]} Qc7 {[%clk 1:08:38]}
15. Bb2 {[%clk 0:51:23]} Ng6 {[%clk 1:01:01]} 16. g3 {[%clk 0:51:43]} bxc4
{[%clk 0:58:58]} 17. bxc4 {[%clk 0:52:07]} a5 {[%clk 0:59:10]} 18. Bd3
{[%clk 0:48:57]} Reb8 {[%clk 0:51:01]} 19. Rc1 {[%clk 0:46:32]} Ba6
{[%clk 0:43:31]} 20. Bc3 {[%clk 0:46:34]} cxd5 {[%clk 0:32:05]} 21. exd5
{[%clk 0:46:30]} Nxd5 {[%clk 0:31:39]} 22. Bxg6 {[%clk 0:46:35]} Nxc3
{[%clk 0:31:46]} 23. Bxh7+ {[%clk 0:46:58]} Kxh7 {[%clk 0:32:08]} 24. Rxc3
{[%clk 0:39:53]} Kg8 {[%clk 0:29:50]} 25. Ng5 {[%clk 0:39:53]} f6
{[%clk 0:27:48]} 26. Nde4 {[%clk 0:34:01]} Bb7 {[%clk 0:19:30]} 27. Qh5
{[%clk 0:33:14]} fxg5 {[%clk 0:16:41]} 28. Nxg5 {[%clk 0:33:36]} g6
{[%clk 0:17:08]} 29. Qxg6+ {[%clk 0:34:00]} Qg7 {[%clk 0:17:33]} 30. Qe6+
{[%clk 0:34:15]} Kh8 {[%clk 0:18:02]} 31. Qh3+ {[%clk 0:26:52]} Kg8
{[%clk 0:18:24]} 32. Qe6+ {[%clk 0:27:19]} Kh8 {[%clk 0:18:49]} 33. Qh3+
{[%clk 0:27:16]} Kg8 {[%clk 0:19:14]} 34. Qe6+ {[%clk 0:27:42]} Kh8
{[%clk 0:19:40]} 35. Qh3+ {[%clk 0:28:09]} 1/2-1/2

[Event "Team men PL final"]
[Site "Sochi"]
[Date "2018.05.09"]
[Round "8.15"]
[White "Lobanov, Sergei"]
[Black "Yuffa, Daniil"]
[Result "1-0"]
[BlackElo "2566"]
[WhiteElo "2515"]
[LiveChessVersion "1.4.8"]

1. e4 {[%clk 1:30:58]} Nf6 {[%clk 1:30:49]} 2. e5 {[%clk 1:31:22]} Nd5
{[%clk 1:31:15]} 3. d4 {[%clk 1:31:47]} d6 {[%clk 1:31:41]} 4. Nf3
{[%clk 1:32:13]} dxe5 {[%clk 1:32:06]} 5. Nxe5 {[%clk 1:32:39]} c6
{[%clk 1:32:32]} 6. Be2 {[%clk 1:32:32]} Bf5 {[%clk 1:32:56]} 7. O-O
{[%clk 1:32:42]} Nd7 {[%clk 1:33:22]} 8. Nf3 {[%clk 1:31:52]} e6 {[%clk 1:33:46]}
9. c4 {[%clk 1:32:07]} N5f6 {[%clk 1:34:09]} 10. Nh4 {[%clk 1:31:22]} Bg6
{[%clk 1:34:30]} 11. Nc3 {[%clk 1:31:38]} Bd6 {[%clk 1:34:48]} 12. g3
{[%clk 1:31:16]} O-O {[%clk 1:35:10]} 13. Nxg6 {[%clk 1:31:22]} hxg6
{[%clk 1:35:35]} 14. Bg5 {[%clk 1:31:16]} e5 {[%clk 1:35:50]} 15. d5
{[%clk 1:31:26]} cxd5 {[%clk 1:36:14]} 16. Nxd5 {[%clk 1:31:28]} Nb6
{[%clk 1:36:32]} 17. Bf3 {[%clk 1:17:04]} Re8 {[%clk 1:28:38]} 18. Qd3
{[%clk 1:09:28]} Nbxd5 {[%clk 1:14:46]} 19. Bxd5 {[%clk 1:09:40]} Bc5
{[%clk 1:14:27]} 20. Rae1 {[%clk 0:55:28]} Qb6 {[%clk 1:07:17]} 21. Bxf6
{[%clk 0:54:50]} Qxf6 {[%clk 1:07:43]} 22. Re3 {[%clk 0:49:09]} Re7
{[%clk 0:54:47]} 23. Rf3 {[%clk 0:49:12]} Qb6 {[%clk 0:52:34]} 24. Qe4
{[%clk 0:47:25]} Rd8 {[%clk 0:49:50]} 25. Rd1 {[%clk 0:41:42]} Bd4
{[%clk 0:42:11]} 26. b3 {[%clk 0:40:10]} Rd6 {[%clk 0:37:24]} 27. Rdd3
{[%clk 0:40:26]} Red7 {[%clk 0:34:23]} 28. g4 {[%clk 0:34:40]} Qd8
{[%clk 0:29:18]} 29. Kg2 {[%clk 0:32:17]} b6 {[%clk 0:22:23]} 30. h4
{[%clk 0:31:14]} Rxd5 {[%clk 0:19:12]} 31. cxd5 {[%clk 0:31:39]} Rxd5
{[%clk 0:18:24]} 32. h5 {[%clk 0:28:55]} Rd6 {[%clk 0:14:47]} 33. hxg6
{[%clk 0:23:44]} Rxg6 {[%clk 0:15:13]} 34. Qxe5 {[%clk 0:20:00]} Rxg4+
{[%clk 0:15:21]} 35. Kf1 {[%clk 0:20:24]} Qd7 {[%clk 0:02:54]} 36. Qb8+
{[%clk 0:17:28]} Kh7 {[%clk 0:03:21]} 37. Qh2+ {[%clk 0:14:10]} Kg8
{[%clk 0:02:42]} 38. Qb8+ {[%clk 0:08:08]} Kh7 {[%clk 0:03:09]} 39. Rh3+
{[%clk 0:08:22]} Kg6 {[%clk 0:03:35]} 40. Rhg3 {[%clk 0:38:30]} Kh7
{[%clk 0:33:48]} 41. Rxg4 {[%clk 0:33:33]} Qxg4 {[%clk 0:31:56]} 42. Qh2+
{[%clk 0:33:59]} Kg8 {[%clk 0:32:19]} 43. f3 {[%clk 0:33:37]} Qf5
{[%clk 0:27:25]} 44. Rxd4 {[%clk 0:33:22]} 1-0

[Event "Team men PL final"]
[Site "Sochi"]
[Date "2018.05.09"]
[Round "8.16"]
[White "Antipov, Mikhail Al."]
[Black "Usmanov, Vasily"]
[Result "1-0"]
[BlackElo "2472"]
[WhiteElo "2597"]
[LiveChessVersion "1.4.8"]

1. e4 {[%clk 1:30:58]} c6 {[%clk 1:30:55]} 2. d4 {[%clk 1:31:13]} d5
{[%clk 1:31:20]} 3. e5 {[%clk 1:31:40]} c5 {[%clk 1:31:46]} 4. dxc5
{[%clk 1:32:05]} Nc6 {[%clk 1:32:12]} 5. Nf3 {[%clk 1:31:57]} Bg4
{[%clk 1:32:26]} 6. c3 {[%clk 1:23:57]} e6 {[%clk 1:32:00]} 7. Be3
{[%clk 1:24:14]} Bxf3 {[%clk 1:31:15]} 8. Qxf3 {[%clk 1:24:20]} Nxe5
{[%clk 1:31:27]} 9. Bb5+ {[%clk 1:23:20]} Nc6 {[%clk 1:31:26]} 10. c4
{[%clk 1:15:05]} Nf6 {[%clk 1:29:10]} 11. Nc3 {[%clk 1:14:02]} Rc8
{[%clk 1:15:07]} 12. cxd5 {[%clk 1:08:26]} Nxd5 {[%clk 1:14:43]} 13. Nxd5
{[%clk 1:07:39]} Qxd5 {[%clk 1:13:24]} 14. Qxd5 {[%clk 1:04:20]} exd5
{[%clk 1:13:50]} 15. O-O-O {[%clk 1:04:19]} Rd8 {[%clk 1:01:14]} 16. Rd2
{[%clk 0:49:51]} Ke7 {[%clk 0:57:25]} 17. Rhd1 {[%clk 0:49:11]} Ke6
{[%clk 0:57:06]} 18. Bc4 {[%clk 0:47:50]} dxc4 {[%clk 0:53:03]} 19. Rxd8
{[%clk 0:48:15]} Nxd8 {[%clk 0:53:30]} 20. Rxd8 {[%clk 0:48:35]} g6
{[%clk 0:53:29]} 21. Rb8 {[%clk 0:48:01]} Kd5 {[%clk 0:40:34]} 22. Rxb7
{[%clk 0:48:24]} Bxc5 {[%clk 0:40:10]} 23. Bxc5 {[%clk 0:45:30]} Kxc5
{[%clk 0:40:00]} 24. Rxf7 {[%clk 0:45:47]} a5 {[%clk 0:39:14]} 25. Kd2
{[%clk 0:38:33]} a4 {[%clk 0:24:45]} 26. Kc3 {[%clk 0:27:46]} a3 {[%clk 0:20:14]}
27. Rc7+ {[%clk 0:28:11]} Kd5 {[%clk 0:20:41]} 28. Rxc4 {[%clk 0:27:39]} axb2
{[%clk 0:21:07]} 29. Rb4 {[%clk 0:27:40]} Re8 {[%clk 0:21:20]} 30. Rxb2
{[%clk 0:28:05]} Kc5 {[%clk 0:20:18]} 31. Kd3 {[%clk 0:26:47]} Re1
{[%clk 0:20:27]} 32. Re2 {[%clk 0:26:00]} Rh1 {[%clk 0:20:05]} 33. h3
{[%clk 0:26:25]} Kd5 {[%clk 0:20:03]} 34. Ke3 {[%clk 0:25:23]} g5
{[%clk 0:19:43]} 35. f4 {[%clk 0:23:33]} Ke6 {[%clk 0:16:57]} 36. Kf2+
{[%clk 0:23:45]} Kf5 {[%clk 0:17:22]} 37. Re1 {[%clk 0:24:00]} Rxe1
{[%clk 0:17:37]} 38. Kxe1 {[%clk 0:24:25]} Kxf4 {[%clk 0:18:04]} 39. Ke2
{[%clk 0:24:32]} Ke4 {[%clk 0:17:53]} 40. a4 {[%clk 0:54:39]} 1-0

[Event "Team men PL final"]
[Site "Sochi"]
[Date "2018.05.09"]
[Round "8.17"]
[White "Popov, Valerij"]
[Black "Lomasov, Semen"]
[Result "0-1"]
[BlackElo "2559"]
[WhiteElo "2528"]
[LiveChessVersion "1.4.8"]

1. Nf3 {[%clk 1:30:57]} Nf6 {[%clk 1:30:54]} 2. c4 {[%clk 1:31:21]} c5
{[%clk 1:31:17]} 3. Nc3 {[%clk 1:31:42]} Nc6 {[%clk 1:31:42]} 4. g3
{[%clk 1:31:54]} g6 {[%clk 1:29:50]} 5. d4 {[%clk 1:31:15]} cxd4 {[%clk 1:29:40]}
6. Nxd4 {[%clk 1:31:40]} Bg7 {[%clk 1:30:32]} 7. Bg2 {[%clk 1:32:01]} O-O
{[%clk 1:30:50]} 8. O-O {[%clk 1:32:24]} Qa5 {[%clk 1:31:17]} 9. Nc2
{[%clk 1:12:05]} d6 {[%clk 1:31:01]} 10. Bd2 {[%clk 1:12:08]} Qh5
{[%clk 1:29:57]} 11. e4 {[%clk 1:12:32]} Ng4 {[%clk 1:18:42]} 12. h3
{[%clk 1:10:17]} Nge5 {[%clk 1:18:58]} 13. b3 {[%clk 0:54:31]} Bxh3
{[%clk 1:18:42]} 14. Qxh5 {[%clk 0:52:14]} gxh5 {[%clk 1:19:04]} 15. f4
{[%clk 0:52:42]} Bxg2 {[%clk 1:19:12]} 16. Kxg2 {[%clk 0:53:09]} Ng4
{[%clk 1:18:19]} 17. Rh1 {[%clk 0:50:53]} a6 {[%clk 1:13:09]} 18. Rxh5
{[%clk 0:39:12]} Nf6 {[%clk 1:03:21]} 19. Rh4 {[%clk 0:10:19]} b5
{[%clk 1:02:21]} 20. Rah1 {[%clk 0:10:42]} bxc4 {[%clk 0:57:17]} 21. b4
{[%clk 0:11:10]} Rfd8 {[%clk 0:29:05]} 22. Ne3 {[%clk 0:09:21]} Nxb4
{[%clk 0:26:25]} 23. a3 {[%clk 0:05:02]} Nc6 {[%clk 0:25:20]} 24. g4
{[%clk 0:05:22]} Rab8 {[%clk 0:22:48]} 25. g5 {[%clk 0:05:19]} Ne8
{[%clk 0:22:54]} 26. Nxc4 {[%clk 0:05:39]} e6 {[%clk 0:20:04]} 27. Rxh7
{[%clk 0:04:02]} d5 {[%clk 0:20:29]} 28. exd5 {[%clk 0:04:21]} exd5
{[%clk 0:20:55]} 29. Ne3 {[%clk 0:04:06]} Rb2 {[%clk 0:18:17]} 30. Nb1
{[%clk 0:03:58]} Rdb8 {[%clk 0:17:10]} 31. f5 {[%clk 0:03:17]} Rxb1
{[%clk 0:16:25]} 32. f6 {[%clk 0:03:17]} Rxh1 {[%clk 0:12:29]} 33. Rxh1
{[%clk 0:03:45]} Rb2 {[%clk 0:07:49]} 34. Rc1 {[%clk 0:04:13]} Rxd2+
{[%clk 0:03:40]} 35. Kf1 {[%clk 0:04:40]} Na7 {[%clk 0:03:36]} 36. fxg7
{[%clk 0:04:47]} Kxg7 {[%clk 0:02:36]} 37. Rc5 {[%clk 0:05:16]} Nb5
{[%clk 0:01:08]} 38. Nxd5 {[%clk 0:04:40]} Nxa3 {[%clk 0:01:14]} 39. Ne3
{[%clk 0:04:08]} Nd6 {[%clk 0:01:35]} 40. Rc6 {[%clk 0:34:18]} Nab5
{[%clk 0:31:42]} 0-1

[Event "Team men PL final"]
[Site "Sochi"]
[Date "2018.05.09"]
[Round "8.18"]
[White "Golubov, Saveliy"]
[Black "Pershin, Denis"]
[Result "1-0"]
[BlackElo "2392"]
[WhiteElo "2491"]
[LiveChessVersion "1.4.8"]

1. d4 {[%clk 1:30:57]} d5 {[%clk 1:30:54]} 2. c4 {[%clk 1:26:46]} c6
{[%clk 1:31:18]} 3. cxd5 {[%clk 1:25:34]} cxd5 {[%clk 1:31:42]} 4. Nc3
{[%clk 1:25:50]} Nf6 {[%clk 1:25:55]} 5. Bf4 {[%clk 1:25:04]} Nc6
{[%clk 1:26:07]} 6. e3 {[%clk 1:25:03]} Bg4 {[%clk 1:14:36]} 7. Nf3
{[%clk 1:20:36]} Bxf3 {[%clk 1:05:16]} 8. gxf3 {[%clk 1:19:24]} e6
{[%clk 1:05:37]} 9. Qb3 {[%clk 1:14:52]} Qd7 {[%clk 1:05:42]} 10. a3
{[%clk 1:15:11]} Be7 {[%clk 1:05:37]} 11. Na4 {[%clk 1:10:43]} O-O
{[%clk 1:02:00]} 12. Nc5 {[%clk 1:09:45]} Bxc5 {[%clk 1:02:23]} 13. dxc5
{[%clk 1:10:06]} e5 {[%clk 1:01:49]} 14. Bg5 {[%clk 1:02:20]} Qf5
{[%clk 0:55:05]} 15. Bxf6 {[%clk 1:02:06]} Qxf3 {[%clk 0:55:30]} 16. Bxg7
{[%clk 0:54:57]} Qxh1 {[%clk 0:53:51]} 17. Bxf8 {[%clk 0:53:27]} Rxf8
{[%clk 0:54:16]} 18. Qxb7 {[%clk 0:50:22]} d4 {[%clk 0:54:43]} 19. O-O-O
{[%clk 0:46:12]} Rb8 {[%clk 0:49:14]} 20. Qxf7+ {[%clk 0:46:03]} Kxf7
{[%clk 0:49:37]} 21. Bc4+ {[%clk 0:46:24]} Kf6 {[%clk 0:49:58]} 22. Rxh1
{[%clk 0:46:47]} a5 {[%clk 0:50:08]} 23. Rd1 {[%clk 0:43:36]} Kf5
{[%clk 0:49:47]} 24. Bd5 {[%clk 0:41:06]} Ne7 {[%clk 0:49:58]} 25. Bg2
{[%clk 0:39:21]} dxe3 {[%clk 0:48:57]} 26. fxe3 {[%clk 0:37:38]} Rb5
{[%clk 0:49:22]} 27. Rf1+ {[%clk 0:35:00]} Kg4 {[%clk 0:45:28]} 28. Rf7
{[%clk 0:29:52]} Nd5 {[%clk 0:45:04]} 29. c6 {[%clk 0:27:49]} Nxe3
{[%clk 0:45:26]} 30. Bf3+ {[%clk 0:28:00]} Kg5 {[%clk 0:45:50]} 31. c7
{[%clk 0:23:01]} Rc5+ {[%clk 0:46:12]} 32. Kb1 {[%clk 0:23:26]} Nf5
{[%clk 0:44:29]} 33. h4+ {[%clk 0:19:43]} Kg6 {[%clk 0:44:48]} 34. Rd7
{[%clk 0:20:00]} Kf6 {[%clk 0:44:03]} 35. Bb7 {[%clk 0:20:11]} 1-0

[Event "Team men PL final"]
[Site "Sochi"]
[Date "2018.05.09"]
[Round "8.19"]
[White "Artemiev, Vladislav"]
[Black "Dubov, Daniil"]
[Result "1-0"]
[BlackElo "2696"]
[WhiteElo "2704"]
[LiveChessVersion "1.4.8"]

1. e4 {[%clk 1:30:22]} c5 {[%clk 1:30:50]} 2. Nc3 {[%clk 1:30:41]} Nc6
{[%clk 1:31:02]} 3. g3 {[%clk 1:30:54]} g6 {[%clk 1:31:24]} 4. Bg2
{[%clk 1:31:02]} Bg7 {[%clk 1:31:46]} 5. d3 {[%clk 1:31:14]} d6 {[%clk 1:32:09]}
6. Be3 {[%clk 1:31:22]} e5 {[%clk 1:32:26]} 7. Nh3 {[%clk 1:24:53]} Nge7
{[%clk 1:31:14]} 8. O-O {[%clk 1:21:22]} O-O {[%clk 1:21:50]} 9. f4
{[%clk 1:21:39]} exf4 {[%clk 1:20:26]} 10. Nxf4 {[%clk 1:20:45]} b5
{[%clk 1:20:03]} 11. a3 {[%clk 1:07:30]} b4 {[%clk 1:09:00]} 12. axb4
{[%clk 1:06:55]} cxb4 {[%clk 1:09:28]} 13. Ncd5 {[%clk 1:06:36]} Bxb2
{[%clk 1:07:06]} 14. d4 {[%clk 1:05:24]} Bxa1 {[%clk 0:52:58]} 15. Nf6+
{[%clk 1:03:47]} Kh8 {[%clk 0:50:37]} 16. Qxa1 {[%clk 1:04:06]} Qa5
{[%clk 0:48:49]} 17. Qd1 {[%clk 1:04:27]} Ng8 {[%clk 0:33:47]} 18. N4d5
{[%clk 1:00:43]} Be6 {[%clk 0:31:05]} 19. Nxg8 {[%clk 1:00:10]} Rxg8
{[%clk 0:30:26]} 20. Bg5 {[%clk 0:43:07]} Rg7 {[%clk 0:24:07]} 21. Bf6
{[%clk 0:41:06]} Rag8 {[%clk 0:15:36]} 22. Ne3 {[%clk 0:36:57]} Qb6
{[%clk 0:14:50]} 23. Qd2 {[%clk 0:32:56]} Na5 {[%clk 0:13:12]} 24. h4
{[%clk 0:28:48]} b3 {[%clk 0:11:46]} 25. Rb1 {[%clk 0:21:06]} b2 {[%clk 0:06:33]}
26. c4 {[%clk 0:13:58]} Rb8 {[%clk 0:05:19]} 27. Kh2 {[%clk 0:09:18]} Qb4 28. Qf2
Nxc4 {[%clk 0:04:24]} 29. Nxc4 {[%clk 0:05:59]} Bxc4 {[%clk 0:01:19]} 30. d5
{[%clk 0:06:25]} Qb6 {[%clk 0:00:32]} 31. Rxb2 {[%clk 0:06:12]} Bb3
{[%clk 0:00:33]} 32. Qe1 {[%clk 0:03:12]} Qb4 {[%clk 0:00:33]} 33. Qa1
{[%clk 0:03:35]} Rbg8 {[%clk 0:00:56]} 34. Qxa7 {[%clk 0:03:32]} Qc4
{[%clk 0:00:31]} 35. Qxf7 {[%clk 0:03:26]} 1-0

[Event "Team men PL final"]
[Site "Sochi"]
[Date "2018.05.09"]
[Round "8.21"]
[White "Timofeev, Artyom"]
[Black "Najer, Evgeniy"]
[Result "1/2-1/2"]
[BlackElo "2667"]
[WhiteElo "2579"]
[LiveChessVersion "1.4.8"]

1. d4 {[%clk 1:30:52]} Nf6 {[%clk 1:30:41]} 2. c4 {[%clk 1:31:07]} e6
{[%clk 1:30:12]} 3. Nc3 {[%clk 1:28:25]} Bb4 {[%clk 1:30:25]} 4. e3
{[%clk 1:28:47]} O-O {[%clk 1:30:20]} 5. Bd3 {[%clk 1:29:00]} d5 {[%clk 1:30:29]}
6. Nf3 {[%clk 1:27:55]} c5 {[%clk 1:30:34]} 7. O-O {[%clk 1:27:40]} cxd4
{[%clk 1:27:19]} 8. exd4 {[%clk 1:28:03]} dxc4 {[%clk 1:27:47]} 9. Bxc4
{[%clk 1:28:18]} b6 {[%clk 1:28:13]} 10. Ne5 {[%clk 1:20:24]} Bb7
{[%clk 1:27:24]} 11. Bg5 {[%clk 1:20:45]} Nbd7 {[%clk 1:03:49]} 12. Nxd7
{[%clk 1:11:13]} Qxd7 {[%clk 1:03:38]} 13. Bxf6 {[%clk 1:11:34]} gxf6
{[%clk 1:03:43]} 14. d5 {[%clk 1:11:53]} Bxc3 {[%clk 1:02:41]} 15. bxc3
{[%clk 1:12:17]} Bxd5 {[%clk 0:59:04]} 16. Qg4+ {[%clk 1:11:32]} Kh8
{[%clk 0:59:23]} 17. Qh4 {[%clk 1:11:51]} Bxc4 {[%clk 0:52:30]} 18. Qxf6+
{[%clk 1:12:10]} Kg8 {[%clk 0:52:54]} 19. Qg5+ {[%clk 1:12:33]} Kh8
{[%clk 0:53:19]} 20. Qf6+ {[%clk 1:12:58]} Kg8 {[%clk 0:53:45]} 21. Qg5+
{[%clk 1:12:51]} Kh8 {[%clk 0:54:08]} 22. Qf6+ {[%clk 1:13:16]} 1/2-1/2

[Event "Team men PL final"]
[Site "Sochi"]
[Date "2018.05.09"]
[Round "8.22"]
[White "Motylev, Alexander"]
[Black "Iljin, Artem"]
[Result "1-0"]
[BlackElo "2528"]
[WhiteElo "2660"]
[LiveChessVersion "1.4.8"]

1. e4 {[%clk 1:30:56]} e5 {[%clk 1:30:38]} 2. Nf3 {[%clk 1:31:12]} Nf6
{[%clk 1:30:49]} 3. Nxe5 {[%clk 1:31:26]} d6 {[%clk 1:30:44]} 4. Nf3
{[%clk 1:31:49]} Nxe4 {[%clk 1:31:03]} 5. c4 {[%clk 1:31:53]} Be7
{[%clk 1:26:11]} 6. d4 {[%clk 1:30:25]} Bg4 {[%clk 1:20:40]} 7. h3
{[%clk 1:20:39]} Bd7 {[%clk 0:44:50]} 8. Bd3 {[%clk 1:16:24]} Nf6
{[%clk 0:45:04]} 9. Nc3 {[%clk 1:16:13]} c6 {[%clk 0:44:35]} 10. O-O
{[%clk 1:13:27]} Na6 {[%clk 0:42:54]} 11. Re1 {[%clk 1:11:40]} O-O
{[%clk 0:43:10]} 12. Qb3 {[%clk 1:02:07]} Rb8 {[%clk 0:35:42]} 13. Bf4
{[%clk 0:56:54]} Nc7 {[%clk 0:12:58]} 14. Qc2 {[%clk 0:44:23]} Ne6
{[%clk 0:11:58]} 15. Bh2 {[%clk 0:41:08]} Rc8 {[%clk 0:12:20]} 16. Qb3
{[%clk 0:34:48]} Qa5 {[%clk 0:11:18]} 17. a3 {[%clk 0:29:12]} Qh5
{[%clk 0:06:18]} 18. Re3 {[%clk 0:13:41]} b6 {[%clk 0:05:20]} 19. Ne2
{[%clk 0:08:48]} Qh6 {[%clk 0:04:19]} 20. Qa2 {[%clk 0:04:53]} Rfe8
{[%clk 0:04:20]} 21. b4 {[%clk 0:04:46]} Bf8 {[%clk 0:04:20]} 22. Qd2
{[%clk 0:03:48]} Ng5 {[%clk 0:02:01]} 23. Nxg5 {[%clk 0:03:07]} Qxg5
{[%clk 0:02:27]} 24. Bf4 {[%clk 0:03:29]} Qh4 {[%clk 0:02:26]} 25. Rxe8
{[%clk 0:00:43]} Rxe8 {[%clk 0:02:38]} 26. Bg5 {[%clk 0:00:48]} Ne4
{[%clk 0:02:43]} 27. Bxh4 {[%clk 0:01:07]} Nxd2 {[%clk 0:03:09]} 28. Rd1
{[%clk 0:01:20]} Ne4 {[%clk 0:03:03]} 29. f3 {[%clk 0:01:43]} Nf6
{[%clk 0:02:47]} 30. g4 {[%clk 0:01:45]} a5 {[%clk 0:01:54]} 31. bxa5
{[%clk 0:01:30]} bxa5 {[%clk 0:02:19]} 32. Rb1 {[%clk 0:01:18]} Re3
{[%clk 0:01:30]} 33. Rb3 {[%clk 0:01:36]} Re8 {[%clk 0:01:06]} 34. Kf2
{[%clk 0:01:39]} Be7 {[%clk 0:00:54]} 35. Bg3 {[%clk 0:01:57]} Bc8
{[%clk 0:00:58]} 36. Nc3 {[%clk 0:01:14]} Nd7 {[%clk 0:01:03]} 37. Ne4
{[%clk 0:01:11]} d5 {[%clk 0:00:53]} 38. cxd5 {[%clk 0:00:58]} cxd5
{[%clk 0:01:19]} 39. Nd6 {[%clk 0:01:24]} Rd8 {[%clk 0:01:12]} 40. Nxc8
{[%clk 0:31:33]} Rxc8 {[%clk 0:31:37]} 41. Bf5 {[%clk 0:20:39]} a4
{[%clk 0:23:32]} 42. Rb7 {[%clk 0:20:20]} Kh8 1-0

[Event "Team men PL final"]
[Site "Sochi"]
[Date "2018.05.09"]
[Round "8.23"]
[White "Hasangatin, Ramil"]
[Black "Grachev, Boris"]
[Result "1/2-1/2"]
[BlackElo "2647"]
[WhiteElo "2502"]
[LiveChessVersion "1.4.8"]

1. e4 {[%clk 1:30:53]} c5 {[%clk 1:30:56]} 2. Nf3 {[%clk 1:30:58]} Nc6
{[%clk 1:31:21]} 3. Bb5 {[%clk 1:31:01]} g6 {[%clk 1:31:47]} 4. Bxc6
{[%clk 1:30:26]} bxc6 {[%clk 1:32:11]} 5. O-O {[%clk 1:30:31]} Bg7
{[%clk 1:32:23]} 6. Re1 {[%clk 1:30:54]} Nf6 {[%clk 1:32:02]} 7. e5
{[%clk 1:27:10]} Nd5 {[%clk 1:31:26]} 8. c4 {[%clk 1:27:26]} Nc7 {[%clk 1:31:50]}
9. d4 {[%clk 1:27:49]} cxd4 {[%clk 1:31:54]} 10. Qxd4 {[%clk 1:28:17]} Ne6
{[%clk 1:31:40]} 11. Qh4 {[%clk 1:28:30]} d6 {[%clk 1:31:42]} 12. Nc3
{[%clk 1:28:50]} dxe5 {[%clk 1:31:05]} 13. Nxe5 {[%clk 1:27:15]} Qd6
{[%clk 1:30:30]} 14. Nf3 {[%clk 1:26:57]} Bf6 {[%clk 1:30:24]} 15. Ne4
{[%clk 1:22:55]} Bxh4 {[%clk 1:30:48]} 16. Nxd6+ {[%clk 1:23:20]} exd6
{[%clk 1:31:14]} 17. Nxh4 {[%clk 1:23:43]} f6 {[%clk 1:31:25]} 18. Nf3
{[%clk 1:12:29]} Kf7 {[%clk 1:31:20]} 19. Rd1 {[%clk 1:08:33]} Rd8
{[%clk 1:30:26]} 20. Nd4 {[%clk 1:08:39]} Nxd4 {[%clk 1:23:48]} 21. Rxd4
{[%clk 1:08:57]} c5 {[%clk 1:24:12]} 22. Rd1 {[%clk 1:03:42]} Be6
{[%clk 1:23:05]} 23. b3 {[%clk 1:03:27]} d5 {[%clk 1:19:29]} 24. cxd5
{[%clk 1:03:34]} Bxd5 {[%clk 1:19:02]} 25. Be3 {[%clk 1:03:27]} c4
{[%clk 1:19:02]} 26. bxc4 {[%clk 1:01:29]} Bxc4 {[%clk 1:15:47]} 27. Rxd8
{[%clk 1:01:29]} Rxd8 {[%clk 1:16:12]} 28. Bxa7 {[%clk 1:01:53]} Ra8
{[%clk 1:16:27]} 29. Be3 {[%clk 1:02:17]} Rxa2 {[%clk 1:16:53]} 30. Rxa2
{[%clk 1:02:02]} Bxa2 {[%clk 1:17:18]} 31. Bd2 {[%clk 1:02:31]} Bd5
{[%clk 1:17:41]} 32. Bc1 {[%clk 1:02:59]} Bc6 {[%clk 1:18:08]} 33. Bd2
{[%clk 1:03:27]} Bd5 {[%clk 1:18:33]} 34. Bc1 {[%clk 1:03:55]} Bb7
{[%clk 1:18:59]} 35. Ba3 {[%clk 1:04:23]} h5 {[%clk 1:19:26]} 36. h4
{[%clk 1:04:48]} g5 {[%clk 1:19:50]} 37. hxg5 {[%clk 1:05:14]} fxg5
{[%clk 1:20:17]} 38. Bc1 {[%clk 1:05:41]} Kg6 {[%clk 1:20:44]} 39. Bd2
{[%clk 1:06:09]} Bc6 {[%clk 1:21:10]} 40. Bc1 {[%clk 1:36:37]} Bb7
{[%clk 1:51:35]} 1/2-1/2